[Event "DVM U10 2023"]
[Site "Magdeburg GER"]
[Date "2023.12.29"]
[Round "7"]
[White "Bacakova, Klara"]
[Black "Nikolic, Luka"]
[Result "1-0"]
[Termination "normal"]
[Board "11.2"]
[WhiteElo "1344"]
[BlackElo "950"]
[WhiteClock "00:19:52"]
[BlackClock "00:40:25"]
[WhiteTeam "SG Leipzig"]
[BlackTeam "Elmshorner SC 1896"]
[PlyCount "63"]
[WhiteFideId "34605762"]
[BlackFideId "34655123"]
[EventCountry "GER"]
[EventRounds "7"]
[EventType "team-swiss"]
[EventDate "2023.12.27"]

1. e4 {[%clk 00:55:09]} d5 {[%clk 00:55:06]} {[%emt 00:00:05]} 2. exd5 {[%clk
00:55:05]} {[%emt 00:00:09]} Qxd5 {[%clk 00:55:04]} {[%emt 00:00:07]} 3. Nc3
{[%clk 00:55:04]} {[%emt 00:00:06]} Qa5 {[%clk 00:55:04]} {[%emt 00:00:05]} 4.
d4 {[%clk 00:55:03]} {[%emt 00:00:06]} c6 {[%clk 00:54:59]} {[%emt 00:00:10]}
5. Bd2 {[%clk 00:54:23]} {[%emt 00:00:44]} Qc7 {[%clk 00:54:56]} {[%emt
00:00:09]} 6. Nf3 {[%clk 00:53:39]} {[%emt 00:00:49]} Nf6 {[%clk 00:54:52]}
{[%emt 00:00:09]} 7. Bc4 {[%clk 00:53:05]} {[%emt 00:00:38]} Bf5 {[%clk
00:54:31]} {[%emt 00:00:26]} 8. O-O {[%clk 00:49:47]} {[%emt 00:03:24]} e6
{[%clk 00:54:22]} {[%emt 00:00:14]} 9. Re1 {[%clk 00:49:22]} {[%emt 00:00:30]}
Nbd7 {[%clk 00:54:19]} {[%emt 00:00:08]} 10. h3 {[%clk 00:46:45]} {[%emt
00:02:42]} Bd6 {[%clk 00:52:52]} {[%emt 00:01:32]} 11. Nh4 {[%clk 00:41:59]}
{[%emt 00:04:51]} O-O {[%clk 00:50:58]} {[%emt 00:01:56]} 12. Nxf5 {[%clk
00:41:33]} {[%emt 00:00:33]} exf5 {[%clk 00:50:48]} {[%emt 00:00:16]} 13. Qf3
{[%clk 00:39:48]} {[%emt 00:01:50]} Bh2+ {[%clk 00:49:43]} {[%emt 00:01:10]}
14. Kh1 {[%clk 00:38:46]} {[%emt 00:01:07]} f4 {[%clk 00:49:40]} {[%emt
00:00:08]} 15. Kxh2 {[%clk 00:38:12]} {[%emt 00:00:38]} Qb6 {[%clk 00:48:41]}
{[%emt 00:01:05]} 16. Qxf4 {[%clk 00:37:16]} {[%emt 00:00:59]} Qxb2 {[%clk
00:48:33]} {[%emt 00:00:15]} 17. Bd3 {[%clk 00:35:28]} {[%emt 00:01:53]} Rfe8
{[%clk 00:47:47]} {[%emt 00:00:51]} 18. Rxe8+ {[%clk 00:30:05]} {[%emt
00:05:28]} Rxe8 {[%clk 00:47:33]} {[%emt 00:00:19]} 19. Re1 {[%clk 00:29:56]}
{[%emt 00:00:13]} Rb8 {[%clk 00:46:40]} {[%emt 00:00:58]} 20. Qd6 {[%clk
00:28:21]} {[%emt 00:01:41]} Qb6 {[%clk 00:45:25]} {[%emt 00:01:20]} 21. Na4
{[%clk 00:27:14]} {[%emt 00:01:12]} Qd8 {[%clk 00:45:10]} {[%emt 00:00:20]} 22.
Bf5 {[%clk 00:26:46]} {[%emt 00:00:32]} b5 {[%clk 00:44:56]} {[%emt 00:00:20]}
23. Nb2 {[%clk 00:25:49]} {[%emt 00:01:02]} g6 {[%clk 00:44:23]} {[%emt
00:00:36]} 24. Bxd7 {[%clk 00:25:22]} {[%emt 00:00:34]} Nxd7 {[%clk 00:44:01]}
{[%emt 00:00:27]} 25. Qxc6 {[%clk 00:25:09]} {[%emt 00:00:18]} Rb6 {[%clk
00:43:12]} {[%emt 00:00:54]} 26. Qf3 {[%clk 00:24:44]} {[%emt 00:00:29]} Qc7+
{[%clk 00:42:45]} {[%emt 00:00:32]} 27. g3 {[%clk 00:23:25]} {[%emt 00:01:25]}
Qxc2 {[%clk 00:42:22]} {[%emt 00:00:27]} 28. Bh6 {[%clk 00:21:40]} {[%emt
00:01:51]} Rb8 {[%clk 00:42:05]} {[%emt 00:00:22]} 29. Re2 {[%clk 00:20:51]}
{[%emt 00:00:54]} Qc8 {[%clk 00:41:29]} {[%emt 00:00:41]} 30. Re7 {[%clk
00:20:02]} {[%emt 00:00:54]} Nf8 {[%clk 00:41:13]} {[%emt 00:00:20]} 31. Qxf7+
{[%clk 00:19:54]} {[%emt 00:00:13]} Kh8 {[%clk 00:40:25]} {[%emt 00:00:53]} 32.
Qg7# {[%clk 00:19:52]} {[%emt 00:00:06]} 1-0

[Event "DVM U10 2023"]
[Site "Magdeburg GER"]
[Date "2023.12.29"]
[Round "7"]
[White "Steffen, Leon"]
[Black "Rose, Elias Bernd"]
[Result "0-1"]
[Termination "normal"]
[Board "11.3"]
[WhiteElo "927"]
[BlackElo "1150"]
[WhiteClock "00:48:13"]
[BlackClock "00:52:09"]
[WhiteTeam "Elmshorner SC 1896"]
[BlackTeam "SG Leipzig"]
[PlyCount "34"]
[BlackFideId "34665730"]
[EventCountry "GER"]
[EventRounds "7"]
[EventType "team-swiss"]
[EventDate "2023.12.27"]

1. d4 {[%clk 00:55:08]} {[%emt 00:00:01]} d5 {[%clk 00:54:59]} {[%emt
00:00:11]} 2. Nf3 {[%clk 00:55:06]} {[%emt 00:00:07]} e6 {[%clk 00:54:39]}
{[%emt 00:00:25]} 3. e3 {[%clk 00:54:50]} {[%emt 00:00:21]} c5 {[%clk
00:54:38]} {[%emt 00:00:06]} 4. c4 {[%clk 00:54:43]} {[%emt 00:00:12]} Nf6
{[%clk 00:54:05]} {[%emt 00:00:38]} 5. Bd3 {[%clk 00:54:29]} {[%emt 00:00:19]}
Nc6 {[%clk 00:54:00]} {[%emt 00:00:11]} 6. O-O {[%clk 00:54:24]} {[%emt
00:00:09]} Bd7 {[%clk 00:53:53]} {[%emt 00:00:13]} 7. Nc3 {[%clk 00:54:03]}
{[%emt 00:00:26]} Qb6 {[%clk 00:53:43]} {[%emt 00:00:14]} 8. h3 {[%clk
00:53:07]} {[%emt 00:01:01]} cxd4 {[%clk 00:53:36]} {[%emt 00:00:13]} 9. exd4
{[%clk 00:52:53]} {[%emt 00:00:18]} Nxd4 {[%clk 00:53:30]} {[%emt 00:00:11]}
10. Nxd4 {[%clk 00:52:19]} {[%emt 00:00:39]} Qxd4 {[%clk 00:53:28]} {[%emt
00:00:07]} 11. cxd5 {[%clk 00:52:07]} {[%emt 00:00:17]} Nxd5 {[%clk 00:53:08]}
{[%emt 00:00:25]} 12. Nxd5 {[%clk 00:51:57]} {[%emt 00:00:15]} Qxd5 {[%clk
00:53:07]} {[%emt 00:00:07]} 13. Be4 {[%clk 00:50:28]} {[%emt 00:01:33]} Qxe4
{[%clk 00:52:49]} {[%emt 00:00:24]} 14. Re1 {[%clk 00:50:15]} {[%emt 00:00:17]}
Qg6 {[%clk 00:52:35]} {[%emt 00:00:19]} 15. Qd2 {[%clk 00:49:26]} {[%emt
00:00:54]} Bc5 {[%clk 00:52:33]} {[%emt 00:00:08]} 16. Rd1 {[%clk 00:48:52]}
{[%emt 00:00:38]} Bc6 {[%clk 00:52:14]} {[%emt 00:00:24]} 17. b4 {[%clk
00:48:13]} {[%emt 00:00:44]} Qxg2# {[%clk 00:52:09]} {[%emt 00:00:10]} 0-1

[Event "DVM U10 2023"]
[Site "Magdeburg GER"]
[Date "2023.12.29"]
[Round "7"]
[White "Rose, Malina Rita"]
[Black "Tatar, Anna"]
[Result "1-0"]
[Termination "normal"]
[Board "11.4"]
[WhiteElo "1084"]
[BlackElo "901"]
[WhiteClock "00:37:22"]
[BlackClock "00:41:27"]
[WhiteTeam "SG Leipzig"]
[BlackTeam "Elmshorner SC 1896"]
[PlyCount "83"]
[WhiteFideId "34665749"]
[EventCountry "GER"]
[EventRounds "7"]
[EventType "team-swiss"]
[EventDate "2023.12.27"]

1. d4 {[%clk 00:55:09]} {[%emt 00:00:01]} d5 {[%clk 00:55:05]} {[%emt
00:00:05]} 2. c4 {[%clk 00:55:04]} {[%emt 00:00:10]} c6 {[%clk 00:55:00]}
{[%emt 00:00:10]} 3. Nc3 {[%clk 00:54:56]} {[%emt 00:00:12]} Bf5 {[%clk
00:54:54]} {[%emt 00:00:12]} 4. Bf4 {[%clk 00:54:37]} {[%emt 00:00:24]} e6
{[%clk 00:54:46]} {[%emt 00:00:13]} 5. a3 {[%clk 00:54:28]} {[%emt 00:00:14]}
Bd6 {[%clk 00:54:36]} {[%emt 00:00:14]} 6. Bxd6 {[%clk 00:54:24]} {[%emt
00:00:10]} Qxd6 {[%clk 00:54:31]} {[%emt 00:00:08]} 7. Nf3 {[%clk 00:54:20]}
{[%emt 00:00:11]} Nf6 {[%clk 00:54:20]} {[%emt 00:00:16]} 8. e3 {[%clk
00:53:53]} {[%emt 00:00:32]} O-O {[%clk 00:53:51]} {[%emt 00:00:34]} 9. Bd3
{[%clk 00:53:30]} {[%emt 00:00:27]} Bxd3 {[%clk 00:53:40]} {[%emt 00:00:17]}
10. Qxd3 {[%clk 00:53:25]} {[%emt 00:00:09]} Nbd7 {[%clk 00:53:27]} {[%emt
00:00:18]} 11. O-O {[%clk 00:53:05]} {[%emt 00:00:26]} c5 {[%clk 00:53:16]}
{[%emt 00:00:16]} 12. Nb5 {[%clk 00:52:18]} {[%emt 00:00:52]} Qb6 {[%clk
00:53:00]} {[%emt 00:00:20]} 13. Qc2 {[%clk 00:49:52]} {[%emt 00:02:32]} cxd4
{[%clk 00:51:49]} {[%emt 00:01:17]} 14. Nbxd4 {[%clk 00:49:34]} {[%emt
00:00:22]} dxc4 {[%clk 00:51:38]} {[%emt 00:00:16]} 15. Qxc4 {[%clk 00:48:32]}
{[%emt 00:01:08]} Rac8 {[%clk 00:51:01]} {[%emt 00:00:42]} 16. Qb4 {[%clk
00:47:52]} {[%emt 00:00:44]} Qc7 {[%clk 00:50:57]} {[%emt 00:00:09]} 17. Nb5
{[%clk 00:47:24]} {[%emt 00:00:33]} a5 {[%clk 00:50:37]} {[%emt 00:00:26]} 18.
Qxf8+ {[%clk 00:46:41]} {[%emt 00:00:48]} Rxf8 {[%clk 00:49:48]} {[%emt
00:00:53]} 19. Nxc7 {[%clk 00:46:32]} {[%emt 00:00:13]} Rc8 {[%clk 00:49:44]}
{[%emt 00:00:10]} 20. Rac1 {[%clk 00:45:17]} {[%emt 00:01:21]} h6 {[%clk
00:49:03]} {[%emt 00:00:45]} 21. h3 {[%clk 00:45:10]} {[%emt 00:00:11]} b6
{[%clk 00:47:20]} {[%emt 00:01:49]} 22. Nb5 {[%clk 00:44:25]} {[%emt 00:00:50]}
Nc5 {[%clk 00:47:03]} {[%emt 00:00:22]} 23. b4 {[%clk 00:43:09]} {[%emt
00:01:21]} axb4 {[%clk 00:46:26]} {[%emt 00:00:42]} 24. axb4 {[%clk 00:43:03]}
{[%emt 00:00:11]} Rd8 {[%clk 00:46:08]} {[%emt 00:00:23]} 25. bxc5 {[%clk
00:42:53]} {[%emt 00:00:15]} Rd5 {[%clk 00:45:51]} {[%emt 00:00:21]} 26. Nfd4
{[%clk 00:42:02]} {[%emt 00:00:56]} bxc5 {[%clk 00:45:33]} {[%emt 00:00:23]}
27. Nc7 {[%clk 00:41:18]} {[%emt 00:00:50]} Re5 {[%clk 00:44:47]} {[%emt
00:00:51]} 28. Nf3 {[%clk 00:40:50]} {[%emt 00:00:33]} Rf5 {[%clk 00:44:33]}
{[%emt 00:00:19]} 29. g4 {[%clk 00:40:14]} {[%emt 00:00:40]} Rxf3 {[%clk
00:44:25]} {[%emt 00:00:13]} 30. Kg2 {[%clk 00:39:40]} {[%emt 00:00:39]} Rxe3
{[%clk 00:43:59]} {[%emt 00:00:32]} 31. fxe3 {[%clk 00:39:26]} {[%emt
00:00:19]} Ne4 {[%clk 00:43:42]} {[%emt 00:00:21]} 32. Kf3 {[%clk 00:39:14]}
{[%emt 00:00:18]} Nd2+ {[%clk 00:43:32]} {[%emt 00:00:16]} 33. Ke2 {[%clk
00:39:05]} {[%emt 00:00:13]} Nxf1 {[%clk 00:42:18]} {[%emt 00:01:19]} 34. Kxf1
{[%clk 00:39:03]} {[%emt 00:00:07]} Kf8 {[%clk 00:42:15]} {[%emt 00:00:08]} 35.
Rxc5 {[%clk 00:38:57]} {[%emt 00:00:10]} Kg8 {[%clk 00:41:52]} {[%emt
00:00:28]} 36. Kf2 {[%clk 00:38:35]} {[%emt 00:00:28]} Kf8 {[%clk 00:41:50]}
{[%emt 00:00:07]} 37. Kf3 {[%clk 00:38:31]} {[%emt 00:00:08]} Kg8 {[%clk
00:41:54]} {[%emt 00:00:01]} 38. Kf4 {[%clk 00:38:15]} {[%emt 00:00:21]} Kf8
{[%clk 00:41:52]} {[%emt 00:00:07]} 39. e4 {[%clk 00:37:59]} {[%emt 00:00:21]}
Kg8 {[%clk 00:41:49]} {[%emt 00:00:08]} 40. Ne8 {[%clk 00:37:54]} {[%emt
00:00:11]} Kf8 {[%clk 00:41:32]} {[%emt 00:00:22]} 41. Rc8 {[%clk 00:37:43]}
{[%emt 00:00:16]} Kg8 {[%clk 00:41:27]} {[%emt 00:00:09]} 42. Nf6# {[%clk
00:37:22]} {[%emt 00:00:27]} 1-0

[Event "DVM U10 2023"]
[Site "Magdeburg GER"]
[Date "2023.12.29"]
[Round "7"]
[White "Xu, Yan"]
[Black "Datta, Satadru"]
[Result "1-0"]
[Termination "normal"]
[Board "12.2"]
[WhiteElo "1171"]
[BlackElo "1134"]
[WhiteClock "00:22:13"]
[BlackClock "00:05:32"]
[WhiteTeam "SV Dresden-Striesen 1990"]
[BlackTeam "USV Potsdam"]
[PlyCount "97"]
[WhiteFideId "34693424"]
[BlackFideId "34637931"]
[EventCountry "GER"]
[EventRounds "7"]
[EventType "team-swiss"]
[EventDate "2023.12.27"]

1. e4 {[%clk 00:55:09]} {[%emt 00:00:01]} e6 {[%clk 00:55:01]} {[%emt
00:00:09]} 2. c3 {[%clk 00:55:00]} {[%emt 00:00:14]} d5 {[%emt 00:00:39]} 3. e5
{[%clk 00:54:57]} {[%emt 00:00:07]} c5 {[%clk 00:53:51]} {[%emt 00:00:42]} 4.
Nf3 {[%clk 00:54:32]} {[%emt 00:00:30]} Nc6 {[%clk 00:53:20]} {[%emt 00:00:33]}
5. d4 {[%clk 00:54:18]} {[%emt 00:00:22]} Qb6 {[%clk 00:50:59]} {[%emt
00:02:22]} 6. Be2 {[%clk 00:53:08]} {[%emt 00:01:19]} cxd4 {[%clk 00:49:15]}
{[%emt 00:01:47]} 7. cxd4 {[%clk 00:52:30]} {[%emt 00:00:45]} Bd7 {[%clk
00:48:22]} {[%emt 00:00:58]} 8. O-O {[%clk 00:51:21]} {[%emt 00:01:14]} Nge7
{[%clk 00:46:37]} {[%emt 00:01:50]} 9. Nc3 {[%clk 00:50:37]} {[%emt 00:00:44]}
Ng6 {[%clk 00:45:52]} {[%emt 00:00:55]} 10. Na4 {[%clk 00:50:07]} {[%emt
00:00:32]} Qc7 {[%clk 00:44:00]} {[%emt 00:01:57]} 11. b3 {[%clk 00:48:54]}
{[%emt 00:01:20]} Be7 {[%clk 00:42:32]} {[%emt 00:01:27]} 12. g3 {[%clk
00:48:12]} {[%emt 00:00:54]} O-O {[%clk 00:40:49]} {[%emt 00:01:46]} 13. Bd2
{[%clk 00:47:01]} {[%emt 00:01:16]} f6 {[%clk 00:37:47]} {[%emt 00:03:07]} 14.
exf6 {[%clk 00:45:58]} {[%emt 00:01:10]} Bxf6 {[%clk 00:36:05]} {[%emt
00:01:44]} 15. Be3 {[%clk 00:45:22]} {[%emt 00:00:42]} Rae8 {[%clk 00:31:12]}
{[%emt 00:04:50]} 16. Qd2 {[%clk 00:44:09]} {[%emt 00:01:11]} a6 {[%clk
00:28:48]} {[%emt 00:02:46]} 17. Rac1 {[%clk 00:40:58]} {[%emt 00:03:16]} Qd6
{[%clk 00:23:40]} {[%emt 00:05:09]} 18. Nc5 {[%clk 00:40:09]} {[%emt 00:00:57]}
Qc7 {[%clk 00:22:44]} {[%emt 00:00:54]} 19. a4 {[%clk 00:39:30]} {[%emt
00:00:51]} Qc8 {[%clk 00:19:28]} {[%emt 00:02:54]} 20. b4 {[%clk 00:38:02]}
{[%emt 00:02:01]} Be7 {[%clk 00:16:34]} {[%emt 00:02:52]} 21. Nd3 {[%clk
00:37:19]} {[%emt 00:00:52]} b5 {[%clk 00:13:38]} {[%emt 00:02:59]} 22. axb5
{[%clk 00:36:56]} {[%emt 00:00:33]} axb5 {[%clk 00:13:16]} {[%emt 00:00:27]}
23. Rc2 {[%clk 00:35:57]} {[%emt 00:01:02]} Qb7 {[%clk 00:12:39]} {[%emt
00:00:38]} 24. Rb1 {[%clk 00:34:18]} {[%emt 00:01:44]} Qa6 {[%clk 00:11:08]}
{[%emt 00:01:41]} 25. Ra2 {[%clk 00:33:16]} {[%emt 00:01:05]} Qb7 {[%clk
00:10:46]} {[%emt 00:00:29]} 26. Qe1 {[%clk 00:32:12]} {[%emt 00:01:05]} Ra8
{[%clk 00:10:34]} {[%emt 00:00:20]} 27. Rab2 {[%clk 00:31:26]} {[%emt
00:00:52]} Ra7 {[%clk 00:09:54]} {[%emt 00:00:47]} 28. Nfe5 {[%clk 00:30:33]}
{[%emt 00:00:52]} Ngxe5 {[%clk 00:09:24]} {[%emt 00:00:40]} 29. Nxe5 {[%clk
00:30:18]} {[%emt 00:00:20]} Nxe5 {[%clk 00:09:06]} {[%emt 00:00:22]} 30. dxe5
{[%clk 00:30:18]} {[%emt 00:00:06]} Raa8 {[%clk 00:08:37]} {[%emt 00:00:34]}
31. Qd2 {[%clk 00:29:07]} {[%emt 00:01:12]} Qc6 {[%clk 00:08:04]} {[%emt
00:00:40]} 32. Rc1 {[%clk 00:28:32]} {[%emt 00:00:41]} Qb7 {[%clk 00:07:45]}
{[%emt 00:00:25]} 33. Rbc2 {[%clk 00:27:30]} {[%emt 00:01:06]} Rfc8 {[%clk
00:07:37]} {[%emt 00:00:14]} 34. Qd3 {[%clk 00:26:08]} {[%emt 00:01:25]} Rxc2
{[%emt 00:00:45]} 35. Rxc2 {[%clk 00:25:52]} {[%emt 00:00:19]} Bxb4 {[%clk
00:06:45]} {[%emt 00:00:21]} 36. Rc1 {[%clk 00:25:25]} {[%emt 00:00:32]} Ba3
{[%clk 00:06:38]} {[%emt 00:00:12]} 37. Rc3 {[%clk 00:24:56]} {[%emt 00:00:30]}
Bb4 {[%clk 00:06:38]} {[%emt 00:00:09]} 38. Rc2 {[%clk 00:24:47]} {[%emt
00:00:13]} Ra1+ {[%clk 00:06:35]} {[%emt 00:00:08]} 39. Kg2 {[%clk 00:24:39]}
{[%emt 00:00:15]} d4+ {[%clk 00:06:37]} {[%emt 00:00:03]} 40. Bf3 {[%clk
00:24:29]} {[%emt 00:00:14]} Qb8 {[%clk 00:06:12]} {[%emt 00:00:30]} 41. Qxd4
{[%clk 00:24:14]} {[%emt 00:00:20]} Ra4 {[%clk 00:06:04]} {[%emt 00:00:12]} 42.
Qxd7 {[%clk 00:23:57]} {[%emt 00:00:22]} Ra5 {[%clk 00:05:33]} {[%emt
00:00:37]} 43. Rc8+ {[%clk 00:23:49]} {[%emt 00:00:12]} Qxc8 {[%clk 00:05:34]}
{[%emt 00:00:06]} 44. Qxc8+ {[%clk 00:23:45]} {[%emt 00:00:08]} Kf7 {[%clk
00:05:38]} 45. Bc5 {[%clk 00:23:18]} {[%emt 00:00:32]} Ra4 {[%clk 00:05:31]}
{[%emt 00:00:13]} 46. Qd7+ {[%clk 00:22:55]} {[%emt 00:00:27]} Kg6 {[%clk
00:05:35]} {[%emt 00:00:01]} 47. Be4+ {[%clk 00:22:39]} {[%emt 00:00:19]} Kg5
{[%clk 00:05:28]} {[%emt 00:00:13]} 48. Qxg7+ {[%clk 00:22:33]} {[%emt
00:00:11]} Kh5 {[%clk 00:05:32]} {[%emt 00:00:01]} 49. Bf3# {[%clk 00:22:13]}
{[%emt 00:00:17]} 1-0